000 00880nam a2200217 i 4500
001 60872
003 ES-MaACL
005 20230906164325.0
007 t|
008 031107s1963 sp ||||1| spa d
080 _a631.4(460.33)
245 0 0 _aEstudio edafológico y agrobiológico de la huerta de Murcia.
260 _aMurcia :
_bCentro de Edafología y Biología Aplicada del Segura,
_c1963.
300 _a184 p., 28 lám. col. y n. :
_bmapas col., il. ;
_c24 cm.
594 _aPrecede al tít.: Instituto de Orientación y Asistencia Técnica del Sureste.
650 4 _aAgricultura-
_zMurcia (Comunidad Autónoma)
_9170442
650 4 _aSuelos-
_zMurcia (Comunidad Autónoma)
_9170443
710 2 _aInstituto de Orientación y Asistencia Técnica del Sureste.
_94991
710 2 _aCentro de Edafología y Biología Aplicada del Segura.
_92609
852 4 _aES-MaACL
_jC-25863
999 _c60872
_d60872